Challenges and imperatives for biological nitrogen fixation research and application in Africa for the 21st century : (Record no. 13279)
[ view plain ]
| 000 -LEADER | |
|---|---|
| fixed length control field | 01094nam a22002412 4500 |
| 001 - CONTROL NUMBER | |
| control field | 0000009761 |
| 005 - DATE AND TIME OF LATEST TRANSACTION | |
| control field | 20151217155843.0 |
| 008 - FIXED-LENGTH DATA ELEMENTS--GENERAL INFORMATION | |
| fixed length control field | 081126s xx 000 0 eng d |
| 020 ## - INTERNATIONAL STANDARD BOOK NUMBER | |
| International Standard Book Number | 9966879412 : |
| 040 ## - CATALOGING SOURCE | |
| Original cataloging agency | KABU |
| Transcribing agency | KABU |
| 111 2# - MAIN ENTRY--MEETING NAME | |
| Meeting name or jurisdiction name as entry element | African Association for Biological Nitrogen Fixation Conference |
| Location of meeting | Nairobi : |
| Date of meeting | 2000 : |
| Number of part/section/meeting | 9th. |
| -- | 0000161533 |
| 245 10 - TITLE STATEMENT | |
| Title | Challenges and imperatives for biological nitrogen fixation research and application in Africa for the 21st century : |
| Remainder of title | ninth congress of the African Association for Biological Nitrogen Fixation 25-29th September, 2000, Nairobi, Kenya selected papers / |
| Statement of responsibility, etc. | edited by Nancy Karanja, James H. P. Kahindi. |
| 250 ## - EDITION STATEMENT | |
| Edition statement | 1st ed. |
| 260 ## - PUBLICATION, DISTRIBUTION, ETC. (IMPRINT) | |
| Place of publication, distribution, etc. | Nairobi : |
| Name of publisher, distributor, etc. | J. P. Africa, |
| Date of publication, distribution, etc. | 2002. |
| 300 ## - PHYSICAL DESCRIPTION | |
| Extent | viii, 338 p. |
| 650 #0 - SUBJECT ADDED ENTRY--TOPICAL TERM | |
| Topical term or geographic name as entry element | Nitrogen in agriculture |
| Form subdivision | Congresses |
| Geographic subdivision | Africa. |
| -- | 0000161534 |
| 650 #0 - SUBJECT ADDED ENTRY--TOPICAL TERM | |
| Topical term or geographic name as entry element | Nitrogen |
| Form subdivision | Congresses |
| General subdivision | Fixation. |
| -- | 0000161535 |
| 700 1# - ADDED ENTRY--PERSONAL NAME | |
| Personal name | Karanja, Nancy. |
| -- | 0000161536 |
| 700 1# - ADDED ENTRY--PERSONAL NAME | |
| Personal name | Kahindi, James H. P. |
| -- | 0000161537 |
| 852 1# - LOCATION | |
| -- | p500 KES |
| 908 ## - PUT COMMAND PARAMETER (RLIN) | |
| Put command parameter | 081126 |
| 950 ## - LOCAL HOLDINGS (RLIN) | |
| -- | 1 |
| Withdrawn status | Lost status | Source of classification or shelving scheme | Not for loan | Home library | Current library | Date acquired | Total Checkouts | Full call number | Barcode | Date last seen | Price effective from | Koha item type |
|---|---|---|---|---|---|---|---|---|---|---|---|---|
| Library of Congress Classification | Kabarak, Main Campus | Kabarak, Main Campus | 17/12/2015 | S587 .N5A37 2002 c. 1 | 15619 | 17/12/2015 | 17/12/2015 | Africana Collection |